Teatro scelto / (Record no. 154379)
[ view plain ]
| 000 -LEADER | |
|---|---|
| campo de control de longitud fija | 01052nam a22002055i 4500 |
| 001 - NÚMERO DE CONTROL | |
| campo de control | 154379 |
| 003 - IDENTIFICADOR DE NÚMERO DE CONTROL | |
| campo de control | ES-MaACL |
| 005 - FECHA Y HORA DE LA ÚLTIMA TRANSACCIÓN | |
| campo de control | 20230906205712.0 |
| 008 - DATOS DE LONGITUD FIJA--INFORMACIÓN GENERAL | |
| campo de control de longitud fija | 040707s1888 it af |||| | ita d |
| 040 ## - FUENTE DE CATALOGACIÓN | |
| Centro catalogador/agencia de origen | CAM |
| Lengua de catalogación | spa |
| Centro/agencia transcriptor | CAM |
| 080 ## - NÚMERO DE LA CLASIFICACIÓN DECIMAL UNIVERSAL | |
| Número de la Clasificación Decimal Universal | 821.131.1-2"17" |
| 100 1# - ENTRADA PRINCIPAL--NOMBRE DE PERSONA | |
| Nombre de persona | Goldoni, Carlo ( |
| Fechas asociadas al nombre | 1707-1793) |
| 9 (RLIN) | 57673 |
| 245 10 - MENCIÓN DEL TÍTULO | |
| Título | Teatro scelto / |
| Mención de responsabilidad, etc. | di Carlo Goldoni ; illustrato da Giacomo Mantegazza. |
| 250 ## - MENCION DE EDICION | |
| Mención de edición | Ed. speciale. |
| 260 ## - PUBLICACIÓN, DISTRIBUCIÓN, ETC. | |
| Lugar de publicación, distribución, etc. | Milano : |
| Nombre del editor, distribuidor, etc. | Edoardo Sonzogno, editore, |
| Fecha de publicación, distribución, etc. | 1888. |
| 300 ## - DESCRIPCIÓN FÍSICA | |
| Extensión | 471, [2] p., [17] h. lám. : |
| Otras características físicas | il. ; |
| Dimensiones | 35 cm. |
| 505 8# - NOTA DE CONTENIDO CON FORMATO | |
| Nota de contenido con formato | Contiene : La sposa sagace ; Le Baruffe Chiozzotte ; Il burbero benefico ; Un curioso accidente ; La locandiera ; Il ventaglio ; L'avaro ; La serva amorosa ; Gl'innamorati ; I rusteghi ; Il bugiardo ; La casa nova ; Il poeta fanatico ; La famiglia dell'antiquario ; La vedova scaltra ; La gelosia di Lindoro ; I pettegolezzi delle donne ; Il teatro comico ; Pamela Nubile ; La bottega del caffé |
| 700 1# - ENTRADA AGREGADA--NOMBRE PERSONAL | |
| Nombre de persona | Mantegazza, Giacomo. |
| 9 (RLIN) | 129421 |
| 852 ## - LOCALIZACIÓN | |
| Ubicación | ES-MaACL |
| Número de control de estantería | G-5423 |
| Nota libre | -- Enc. pasta española |
| Estatus retirado | Estado de pérdida | Estado de daño | No para préstamo | Colección | Biblioteca de origen | Biblioteca actual | Ubicación en estantería | Fecha de adquisición | Fuente de adquisición | Total de préstamos | Signatura topográfica completa | Código de barras | Visto por última vez | Precio de reemplazo | Tipo de ítem Koha |
|---|---|---|---|---|---|---|---|---|---|---|---|---|---|---|---|
| Libros del s. XIX | Biblioteca del Ateneo de Madrid | Biblioteca del Ateneo de Madrid | Depósito 2 | 17/01/2008 | G-5423 | 1161440 | 23/02/2023 | 23/02/2023 | Libro impreso antiguo |
